Statistiken für Sprachen - 10 größte romanische Sprachen

Klicken Sie hier um das Quiz zu spielen!

Allgemein

  • Dieses Quiz wurde 270 mal gespielt
  • Das Durchschnittsergebnis liegt bei 5 aus 10

Antwortstatistiken

#Sprache% Korrekt
322 mil.Spanisch
96%
62 mil.Italienisch
95%
77 mil.Französisch
92%
177 mil.Portugiesisch
87%
24 mil.Rumänisch
73%
6,7 mil.Katalanisch
38%
4,8 mil.Sizilianisch
12%
3,2 mil.Galizisch
9%
9,1 mil.Lombardisch
7%
3,1 mil.Piedmontesisch
4%

Verteilung der Resultate

Perzentil nach korrekt beantworteten Fragen

Anzahl Personen mit jedem Resultat

Ihre Resultats-Entwicklung

Sie haben dieses Quiz noch nicht gespielt